Numerická simulácia procesu indukčného spájkovania tenkostenných rúrok

Saved in:
Bibliographic Details
Main Author: Švantner, Tomáš (Author)
Other Authors: Behúlová, Mária (Thesis advisor)
Format: Manuscript Book
Language:Slovak
Published: 2018
Subjects:
Online Access:http://is.stuba.sk/zp/portal_zp.pl?podrobnosti=126699
Tags: Add Tag
No Tags, Be the first to tag this record!

MARC

LEADER 00000ntm a22000003a 4500
001 stuzp62440
003 SK-STU
005 20180905134420.2
007 ta
008 150427s2015----xo-----f-mn---000-0-slo-d
040 |a STU  |b slo 
041 0 |a slo 
100 1 |a Švantner, Tomáš  |u 063000  |4 aut  |U MTF Materiálovotechnologická fakulta  |T MTF Ústav výrobných technológií  |X 46993  |U M3000  |Y 83  |7 46993 
242 0 1 |a Numerical simulation of the process of induction brazing of thin-walled tubes  |y eng 
245 1 0 |a Numerická simulácia procesu indukčného spájkovania tenkostenných rúrok 
260 |c 2018 
300 |a 76 s.  |e 1 CD-ROM 
650 4 |a austenitic stainless steel  |2 eng 
650 4 |a numerical simulation  |2 eng 
650 4 |a Induction brazing  |2 eng 
650 4 |a numerická simulácia  |2 slo 
650 4 |a chróm-niklové rúrky  |2 slo 
650 4 |a Indukčné spájkovanie  |2 slo 
700 1 |a Behúlová, Mária  |u 066000  |k Z1  |4 ths  |U MTF Materiálovotechnologická fakulta  |T MTF Ústav aplikovanej informatiky, automatizácie a mechatroniky  |X 200  |U M6000  |Y 86  |7 A000000200 
856 4 |u http://is.stuba.sk/zp/portal_zp.pl?podrobnosti=126699 
996 |c M* DP-13552  |l MMSKP  |s P  |a 0  |w stuzp62440_0001